000 01126nam0a2200313 4500
001 RU\NLR\bibl\437509
005 20260406153007.0
010 _a5-94538-309-0
_95000
021 _aRU
_b2003-41773
_91987
035 _a(NLR Aleph) 000431289
090 _a755997
_c755997
100 _a20030919d2003 |||y0rusy50 ca
101 0 _arus
102 _aRU
105 _aac |||||||||
200 1 _aТайны советской эпохи
_eОт Хрущева до Горбачева
_f[Авт.-сост. Н.Н. Непомнящий]
210 _aМ.
_cВече
_d2003
215 _a378, [5] с., [8] л. ил., портр.
_d21
225 1 _aОсобый архив
225 1 _aРассекречено
300 _aНа обл. авт.: Н. Непомнящий
607 _aСССР
_xИстория
_z20 в.
_91456486
_3RU\NLR\auth\66307842
686 _aТ3(2)7,02
702 1 _4070
_8rus
_7ca
_aНепомнящий
_bН. Н.
_f1955-
_gНиколай Николаевич
_3RU\NLR\auth\776218
_9116173
801 0 _aRU
_bNLR
_c20030919
_gPSBO
801 1 _aRU
_bNLR
_c20030919
942 _cBOOK
980 _aNB